Регионална библиотека "Любен Каравелов" - Русе

Любов (Запис номер 33685)

MARC детайли
000 -Лидер
Контролно поле с фиксирана дължина 01149nam a2200325 c 4500
003 - Код на организацията, давaща контролен номер
Контролно поле BLK
005 - Дата и час на последна редакция
Контролно поле 20180420220653.0
008 - Елементи от данни с фиксирана дължина
fixed length control field 180408b bul|||||r ||||||| ||bul||
010 ## - Наследен системен номер
LC control number KNG00036375000
020 ## - Международен стандартен номер на книга ISBN
Международен стандартен номер на книга ISBN 954-9920-17-8
-- издат.: Обнова
040 ## - Източник на каталожния запис
Идентификатор на билиотеката - собственик на записа BLK
041 ## - Код за език
Код за езика на текст/звукозапис или на отделно заглавие Български
Код за езика КДБФ Български
080 ## - УДК
Текстов определител УДК Българска литература
УДК код - определител по УДК 821.163.2
УДК определител -32
УДК - код + определител 821.163.2-32
100 1# - Редна дума - Автор
Автор Хилева, Стела
Авторска отговорност първи автор
R(LIN) 255568
139 ## - Редно поле
Редна дума Хилева, Стела Георгиева
Авторски знак Хил - Х 49
245 10 - Сведения за заглавието
Заглавие Любов
Подзаглавни данни Разкази по действ. случки
Редно поле (дума) Стела Хилева; * Стела Георгиева Хилева; худож. Ирина Бард.
257 ## - Страна на издаване
Страна на създаване/издаване България
260 ## - Област на издателските данни
-- Сливен
Име на издателя, разпространителя и проч. Обнова
Година на издаване 2000
300 ## - Физическа характеристика
Страници 99 с.
Илюстрации и др. с ил.
Размери/Мащаб 20 см
380 ## - Жанр
Жанр Худож. лит.
500 ## - Общи забележки
Забележка Съдържа и За автора
653 ## - Ключова дума – ненормативна
Ключова дума любов
700 1# - Други автори (авторска отговорност)
Лично име Хилева, Стела Георгиева
Автороска отговорност (Описва отношението между автора и произведението) *
9 (RLIN) 273174
700 1# - Други автори (авторска отговорност)
Лично име Бард, Ирина
Автороска отговорност (Описва отношението между автора и произведението) худож.
9 (RLIN) 273175
852 ## - Местоположение
Форматна сигнатура Цб 208629
856 4# - Електронен адрес и достъп
Електронен формат pdf - файл
Път до файла /url/
856 4# - Електронен адрес и достъп
Електронен формат pdf - файл
Път до файла /url/
942 ## - АРТИКУЛИ
Вид на библиотечния материал Книги
Скрит в OPAC Не
944 ## - СЪЗДАВАНЕ И РЕДАКЦИЯ на ЗАПИСА
Създаване/Редакция Създаване
Дата на регистрацията/редакция 15.04.2003
Служител, извършил регистрацията/редакцията AB_DOS
944 ## - СЪЗДАВАНЕ И РЕДАКЦИЯ на ЗАПИСА
Създаване/Редакция Редакция
Дата на регистрацията/редакция 15.04.2003
Служител, извършил регистрацията/редакцията
999 ## - СИСТЕМНИ КОНТРОЛНИ НОМЕРА
Koha biblionumber 33685
Koha biblioitemnumber 33685
Наличности
Код за отписване Код за изгубен артикул Източник на класификационната схема Код за повреда Коз за рестрикции Код за отдаване Артикулен № Име на библиотеката - собственик Име на библиотеката, в която се намира в момента Статус (Текущо местоположение) Дата на вписване в системата Местоположение - отдел Цена в лева Инвентарен номер Систематично азбучна сигнатура Баркод Номер на екземпляра Цена в евро Служебна бележка Служебен тип на артикула
  Не е изгубен Universal Decimal Classification Не е повреден без рестрикции ползва се в читалня 53646 Регионална библиотека "Любен Каравелов" Русе Регионална библиотека "Любен Каравелов" Русе Хранилище 2001-01-01 Хранилище 0.00 664904 Цб 208629 120000664904 1 0.00 Дост: Dp Вид: Д N: 18 Дата: 01.01.2001 Книги
Vip Innovations Ltd, Rousse, Bulgaria 2025